[Event "Landesklasse Ost 2011/2012"]
[Site "?"]
[Date "2011.02.05"]
[Round "6"]
[White "Skibbe, Diana"]
[Black "Petzold, Thomas"]
[Result "1-0"]
[WhiteElo "1972"]
[BlackElo "1886"]
[PlyCount "79"]
[EventDate "2011.??.??"]
[WhiteTeam "TSV Zeulenroda"]
[BlackTeam "MTV 1876 Saalfeld"]

1. e4 c5 2. Nf3 d6 3. d4 cxd4 4. Nxd4 Nf6 5. Nc3 a6 6. a4 e6 7. Be2 Be7 8. O-O
O-O 9. Be3 Nbd7 10. f4 Qc7 11. Nb3 b6 12. Bf3 Bb7 13. Qe1 Nc5 14. Nxc5 bxc5 15.
Qg3 Kh8 16. f5 exf5 17. exf5 Bxf3 18. Qxf3 Rab8 19. b3 c4 20. Nd5 Nxd5 21. Qxd5
cxb3 22. cxb3 Qc3 23. Bd4 Qxb3 24. Qe4 Qb7 25. Qg4 f6 26. Ra3 d5 27. Rh3 Bd8
28. Qg6 h6 29. Kh1 Qf7 30. Qg3 Bb6 31. Bc3 d4 32. Bd2 Qc4 33. Rc1 Qf7 34. Bxh6
Kg8 35. Bd2 Rfe8 36. Qh4 Qe7 37. Qh7+ Kf7 38. Rg3 Rg8 39. Qg6+ Kf8 40. Rb3 1-0

[Event "Landesklasse Ost 2011/2012"]
[Site "?"]
[Date "2011.02.05"]
[Round "6"]
[White "Krämer, Alexander"]
[Black "Ahnert, Toni"]
[Result "0-1"]
[WhiteElo "1861"]
[BlackElo "1926"]
[PlyCount "84"]
[EventDate "2011.??.??"]
[WhiteTeam "MTV 1876 Saalfeld"]
[BlackTeam "TSV Zeulenroda"]

1. d4 Nf6 2. c4 c5 3. d5 d6 4. Nc3 e6 5. e4 Be7 6. Nf3 O-O 7. Bd3 a6 8. O-O
exd5 9. exd5 Nbd7 10. h3 b5 11. cxb5 Nb6 12. bxa6 c4 13. Be4 Bxa6 14. Re1 Bb7
15. Bg5 Ra5 16. Qd4 h6 17. Be3 Nfd7 18. Qd2 f5 19. Bc2 Nxd5 20. Bd4 Nb4 21.
Rac1 d5 22. Qe2 Nxc2 23. Rxc2 Bc5 24. b3 cxb3 25. axb3 Kh7 26. Bxc5 Rxc5 27. b4
Rc4 28. Qd3 Nb6 29. b5 d4 30. Nb1 Rxc2 31. Qxc2 Bxf3 32. gxf3 d3 33. Qd2 Nc4
34. Qf4 Qd5 35. Nc3 d2 36. Rd1 Qd3 37. Ne4 Qe2 38. Nc3 Qd3 39. Ne4 fxe4 40.
Qxf8 e3 41. fxe3 Nxe3 42. Ra1 Qe2 0-1

[Event "Landesklasse Ost 2011/2012"]
[Site "?"]
[Date "2011.02.05"]
[Round "6"]
[White "Barth, Christian"]
[Black "Böhl, Dietmar"]
[Result "1/2-1/2"]
[WhiteElo "1788"]
[BlackElo "1851"]
[PlyCount "168"]
[EventDate "2011.??.??"]
[WhiteTeam "TSV Zeulenroda"]
[BlackTeam "MTV 1876 Saalfeld"]

1. e4 g6 2. d4 Bg7 3. f4 c6 4. Nf3 d5 5. e5 h5 6. Bd3 Nh6 7. Nh4 Bg4 8. Qd2 e6
9. Qf2 Nd7 10. Nxg6 fxg6 11. Bxg6+ Kf8 12. h3 Bf5 13. Bxh5 Kg8 14. Rg1 Qe7 15.
g4 Be4 16. Nc3 Rf8 17. Nxe4 dxe4 18. Be3 c5 19. c3 cxd4 20. cxd4 Qb4+ 21. Qd2
Qxd2+ 22. Bxd2 Nb6 23. Ke2 Nd5 24. Raf1 Kh7 25. Rg3 Rhg8 26. f5 e3 27. Bg6+ Kh8
28. Bxe3 Nxe3 29. Rxe3 Rd8 30. Re4 Bf8 31. Bh5 exf5 32. gxf5 Rg2+ 33. Kd3 Rg3+
34. Rf3 Rxf3+ 35. Bxf3 Nxf5 36. Rf4 Ne7 37. Bxb7 Ng6 38. Rf5 Bc5 39. d5 Rb8 40.
Bc6 Rxb2 41. Kc4 Rc2+ 42. Kb3 Re2 43. Kc4 Ba3 44. e6 Rxa2 45. Kb3 Ra1 46. Rf7
Bc5 47. Rd7 Rd1 48. Kc4 Rc1+ 49. Kb5 a6+ 50. Kxa6 Rb1 51. Bb5 Ne7 52. d6 Nf5
53. e7 Ra1+ 54. Kb7 Nxe7 55. dxe7 Bxe7 56. Rxe7 Ra3 57. Bd7 Rc3 58. Kb6 Rc1 59.
Re3 Rc2 60. Bc6 Rd2 61. Kc7 Rd4 62. Bd7 Kg7 63. Kd8 Rf4 64. Ke7 Rf7+ 65. Ke6
Rf6+ 66. Ke5 Rf2 67. Bf5 Rb2 68. Rc3 Re2+ 69. Kf4 Rf2+ 70. Kg5 Rg2+ 71. Bg4 Rf2
72. h4 Rf8 73. Be6 Kh8 74. h5 Rb8 75. Rc7 Rb5+ 76. Kg6 Rg5+ 77. Kf6 Rg6+ 78.
Ke7 Rg7+ 79. Bf7 Rg1 80. Rc6 Kh7 81. Rg6 Rh1 82. Kf8 Rf1 83. Rg7+ Kh8 84. Rg6
Kh7 1/2-1/2

[Event "Landesklasse Ost 2011/2012"]
[Site "?"]
[Date "2011.02.05"]
[Round "6"]
[White "Wagner, Ronald"]
[Black "Wolfram, Thomas"]
[Result "1/2-1/2"]
[WhiteElo "1761"]
[BlackElo "1807"]
[PlyCount "115"]
[EventDate "2011.??.??"]
[WhiteTeam "MTV 1876 Saalfeld"]
[BlackTeam "TSV Zeulenroda"]

1. Nf3 d5 2. d4 e6 3. g3 Bd6 4. Bg2 Nd7 5. O-O f5 6. b3 Qe7 7. c4 c6 8. Bb2 Nh6
9. Ne5 O-O 10. Nd2 Qf6 11. f4 Nf7 12. a4 a5 13. Ba3 Bxa3 14. Rxa3 Nd6 15. e3
Qh6 16. Ra2 Nf7 17. Rc2 Nfxe5 18. dxe5 Nxe5 19. fxe5 Qxe3+ 20. Kh1 Qxe5 21. Nf3
Qf6 22. Re1 Bd7 23. Ne5 Be8 24. Qd2 Qd8 25. Qd4 Bf7 26. Rce2 Re8 27. Rc2 Qe7
28. c5 Qc7 29. Nd3 Re7 30. Qe5 Qc8 31. Nf4 g5 32. Ne2 Qf8 33. Nd4 Rae8 34. Qf6
Qg7 35. Qxg7+ Kxg7 36. Rce2 Kf6 37. Re5 Bg6 38. Bh3 h6 39. Kg1 g4 40. Bg2 Bh7
41. Kf2 Bg6 42. R1e3 Bh7 43. Ke1 Bg6 44. Kd2 Bh7 45. Kc3 Bg6 46. Ne2 Rd7 47.
Kd4 Rde7 48. Nf4 Bf7 49. Re1 Rb8 50. Kc3 Rd8 51. Kd4 Rb8 52. Nd3 Ra8 53. Rb1
Rb8 54. b4 axb4 55. Rxb4 Ra8 56. Re1 Ra7 57. Ne5 Bg8 58. Rf1 1/2-1/2

[Event "Landesklasse Ost 2011/2012"]
[Site "?"]
[Date "2011.02.05"]
[Round "6"]
[White "Werner, Daniel"]
[Black "Müller, Robert"]
[Result "1-0"]
[WhiteElo "1695"]
[BlackElo "1726"]
[PlyCount "113"]
[EventDate "2011.??.??"]
[WhiteTeam "TSV Zeulenroda"]
[BlackTeam "MTV 1876 Saalfeld"]

1. e4 c6 2. d4 d5 3. exd5 cxd5 4. c4 e6 5. Nf3 Nf6 6. Nc3 Be7 7. c5 O-O 8. b4
Ne4 9. Qc2 f5 10. a3 Bf6 11. Bd3 Nc6 12. Ne2 h6 13. O-O Bd7 14. Rb1 Be8 15. b5
Ne7 16. Nf4 Bf7 17. Bb2 g5 18. Ne2 Bh5 19. Ne1 Qa5 20. Rd1 Bg7 21. f3 Nf6 22.
Qb3 Rfc8 23. Nc2 Be8 24. a4 Ng6 25. Ra1 Qc7 26. Rfe1 Bf7 27. Nb4 Bf8 28. Rac1
Be8 29. Ng3 Kf7 30. Kh1 Nf4 31. Bb1 a6 32. Nd3 axb5 33. axb5 Ra5 34. Ne5+ Kg7
35. b6 Qd8 36. Bc3 Ra4 37. Bc2 Rca8 38. Ra1 Bd7 39. Qb2 Rxa1 40. Rxa1 Ng6 41.
Nxd7 Rxa1+ 42. Qxa1 Qxd7 43. Ba4 Qc8 44. Bb5 Ne7 45. Qe1 Nc6 46. h3 Kf7 47. Ne2
Bg7 48. Nc1 Nd7 49. Nb3 Bf6 50. Qa1 Be7 51. Qa4 Ndb8 52. Na5 Bd8 53. Nxc6 bxc6
54. Qa7+ Kf6 55. Bd3 Kg6 56. Ba5 h5 57. b7 1-0

[Event "Landesklasse Ost 2011/2012"]
[Site "?"]
[Date "2011.02.05"]
[Round "6"]
[White "Kania, Markus"]
[Black "Wiedemann, Volker"]
[Result "1/2-1/2"]
[WhiteElo "1492"]
[BlackElo "1816"]
[PlyCount "83"]
[EventDate "2011.??.??"]
[WhiteTeam "MTV 1876 Saalfeld"]
[BlackTeam "TSV Zeulenroda"]

1. c4 Nf6 2. Nc3 e6 3. g3 d5 4. cxd5 exd5 5. d4 c6 6. Bg2 Be7 7. Nf3 O-O 8. O-O
Re8 9. a3 Nbd7 10. b4 Nb6 11. b5 Nc4 12. bxc6 bxc6 13. Nd2 Qa5 14. Qb3 Ba6 15.
Nxc4 Bxc4 16. Qc2 Rab8 17. Bd2 Qa6 18. Rfe1 Rb3 19. a4 Reb8 20. Reb1 h6 21. Bf4
Rxb1+ 22. Rxb1 Rxb1+ 23. Qxb1 Qb6 24. Qd1 Bb3 25. Qb1 Qb4 26. Qb2 Qa3 27. Qxa3
Bxa3 28. f3 Bb2 29. Bd2 Bxc3 30. Bxc3 Bxa4 31. e4 Kf8 32. e5 Nd7 33. Bh3 Ke8
34. f4 Nf8 35. f5 Nh7 36. e6 Ng5 37. Bg4 fxe6 38. fxe6 g6 39. Bb4 h5 40. h4
hxg4 41. hxg5 Bc2 42. Kf2 1/2-1/2

[Event "Landesklasse Ost 2011/2012"]
[Site "?"]
[Date "2011.02.05"]
[Round "6"]
[White "Riemer, Marion"]
[Black "Siebert, Ralf"]
[Result "0-1"]
[WhiteElo "1721"]
[BlackElo "1570"]
[PlyCount "76"]
[EventDate "2011.??.??"]
[WhiteTeam "TSV Zeulenroda"]
[BlackTeam "MTV 1876 Saalfeld"]

1. e4 e6 2. d4 b6 3. f4 Bb7 4. Bd3 Nf6 5. Qe2 Nc6 6. Nf3 Nb4 7. Nc3 Nxd3+ 8.
cxd3 Bb4 9. O-O Bxc3 10. bxc3 d5 11. e5 Nd7 12. Ba3 c5 13. Rab1 Ba6 14. dxc5
bxc5 15. Qc2 Qa5 16. Bc1 O-O 17. Rd1 Rab8 18. Be3 Bb5 19. c4 Ba4 20. Qf2 Bxd1
21. Rxd1 d4 22. Bc1 Qc3 23. f5 Rb1 24. Qf1 exf5 25. Re1 g6 26. Bd2 Rxe1 27.
Qxe1 Qxd3 28. e6 Nf6 29. Qe5 Ne4 30. exf7+ Rxf7 31. Qe8+ Kg7 32. Qe5+ Nf6 33.
Qxc5 Qb1+ 34. Be1 d3 35. Kf1 Rd7 36. Nd2 Qd1 37. Qe5 Kf7 38. h3 Re7 0-1

[Event "Landesklasse Ost 2011/2012"]
[Site "?"]
[Date "2011.03.04"]
[Round "7"]
[White "Pähtz, Thomas"]
[Black "Gläßl, Matthias"]
[Result "1-0"]
[WhiteElo "2380"]
[BlackElo "2049"]
[PlyCount "69"]
[EventDate "2011.??.??"]
[WhiteTeam "ESV Lok Sömmerda"]
[BlackTeam "ESV Gera"]

1. e4 c5 2. Nf3 Nc6 3. d4 cxd4 4. Nxd4 g6 5. c4 Bg7 6. Be3 Nf6 7. Nc3 Ng4 8.
Qxg4 Nxd4 9. Qd1 Ne6 10. Rc1 O-O 11. Be2 d6 12. O-O Bd7 13. Qd2 Bc6 14. b4 b6
15. Nd5 Nc7 16. Rfd1 Qd7 17. h3 Nxd5 18. exd5 Bb7 19. Bg4 f5 20. Bf3 Rad8 21.
Qc2 Bc8 22. Qb3 f4 23. Bd4 Qb7 24. Bxg7 Kxg7 25. Re1 Bf5 26. c5 bxc5 27. Qc3+
Kf7 28. bxc5 Rc8 29. c6 Qc7 30. Qd4 Kg8 31. Qxf4 e5 32. dxe6 Bxe6 33. Qd2 Rxf3
34. Rxe6 Qf7 35. Rxd6 1-0

[Event "Landesklasse Ost 2011/2012"]
[Site "?"]
[Date "2011.03.04"]
[Round "7"]
[White "Puschendorf, Steffen"]
[Black "Kühn, Martin"]
[Result "1-0"]
[WhiteElo "2077"]
[BlackElo "1943"]
[PlyCount "85"]
[EventDate "2011.??.??"]
[WhiteTeam "ESV Gera"]
[BlackTeam "ESV Lok Sömmerda"]

1. d4 d5 2. c4 Nc6 3. Nc3 dxc4 4. Nf3 Nf6 5. d5 Na5 6. Qa4+ c6 7. b4 b5 8. Qxa5
Qxa5 9. bxa5 b4 10. dxc6 bxc3 11. e3 Ba6 12. Ne5 e6 13. Rb1 O-O-O 14. Be2 Rd5
15. Nxf7 c2 16. Rb2 Rg8 17. O-O Ba3 18. Rxc2 Bxc1 19. Rfxc1 Rf8 20. e4 Nxe4 21.
Bf3 Rxf7 22. Bxe4 Rxa5 23. f3 h6 24. Rb2 Kc7 25. Rcb1 Rf8 26. Kf2 Rd8 27. Rc1
Bb5 28. Ke3 e5 29. a4 Bxc6 30. Rxc4 Rd6 31. Rb5 Rxa4 32. Rxa4 Bxb5 33. Rxa7+
Kb6 34. Rxg7 Bd7 35. Re7 Be6 36. g4 Kc5 37. h4 Ra6 38. Rc7+ Kb4 39. g5 hxg5 40.
hxg5 Ra3+ 41. Kf2 Ra5 42. g6 Rc5 43. Re7 1-0

[Event "Landesklasse Ost 2011/2012"]
[Site "?"]
[Date "2011.03.04"]
[Round "7"]
[White "Siegemund, Joachim"]
[Black "Schmidt, Frank"]
[Result "1/2-1/2"]
[WhiteElo "2043"]
[BlackElo "1937"]
[PlyCount "63"]
[EventDate "2011.??.??"]
[WhiteTeam "ESV Lok Sömmerda"]
[BlackTeam "ESV Gera"]

1. c4 Nf6 2. g3 g6 3. Bg2 Bg7 4. Nc3 d6 5. e3 O-O 6. Nge2 c6 7. O-O a5 8. d4
Na6 9. b3 Rb8 10. Qd2 Bd7 11. Bb2 b5 12. cxb5 cxb5 13. e4 b4 14. Nd1 Bb5 15.
Ne3 Bh6 16. f4 e6 17. Rfe1 Qb6 18. h3 Rfe8 19. Kh2 Nc7 20. Ng4 Bg7 21. Nxf6+
Bxf6 22. Rac1 Bg7 23. Rc2 Bxe2 24. Rxe2 Nb5 25. e5 d5 26. Re1 Rec8 27. Rec1 Na7
28. Bf1 Bf8 29. Qd3 Rxc2+ 30. Rxc2 Rc8 31. Rxc8 Nxc8 32. Qa6 1/2-1/2

[Event "Landesklasse Ost 2011/2012"]
[Site "?"]
[Date "2011.03.04"]
[Round "7"]
[White "Hoffmann, Tim"]
[Black "Kalisch, Michael"]
[Result "1/2-1/2"]
[WhiteElo "1895"]
[BlackElo "1926"]
[PlyCount "71"]
[EventDate "2011.??.??"]
[WhiteTeam "ESV Gera"]
[BlackTeam "ESV Lok Sömmerda"]

1. e4 c6 2. d4 d5 3. e5 Bf5 4. Nf3 e6 5. Be2 c5 6. c3 Nc6 7. O-O Qb6 8. Na3
cxd4 9. cxd4 Bg6 10. Qb3 Nge7 11. Qxb6 axb6 12. Nb5 Kd7 13. Nh4 Nf5 14. Nxf5
Bxf5 15. g4 Bc2 16. Be3 Be7 17. Rac1 Bg6 18. f4 f5 19. Nc3 h5 20. g5 Rhc8 21.
a3 Bf7 22. Bb5 Be8 23. Rc2 Kd8 24. Rfc1 Na5 25. Bxe8 Kxe8 26. Nb5 Nc6 27. b4 g6
28. Kf2 Kd7 29. Ke2 Ra4 30. Bd2 Raa8 31. Kd1 Ra4 32. Bc3 Na7 33. Nxa7 Rxa7 34.
Bb2 Rxc2 35. Rxc2 Ra8 36. Kd2 1/2-1/2

[Event "Landesklasse Ost 2011/2012"]
[Site "?"]
[Date "2011.03.04"]
[Round "7"]
[White "Kühn, Karsten"]
[Black "Senf, Paul"]
[Result "1-0"]
[WhiteElo "1943"]
[BlackElo "1719"]
[PlyCount "59"]
[EventDate "2011.??.??"]
[WhiteTeam "ESV Lok Sömmerda"]
[BlackTeam "ESV Gera"]

1. e4 c6 2. d4 d5 3. e5 Bf5 4. Nf3 e6 5. Be2 Nd7 6. O-O Ne7 7. Nbd2 a6 8. Nb3
Nc8 9. Be3 Qc7 10. Rc1 b5 11. Nh4 Bg6 12. f4 Be7 13. Qe1 Qd8 14. Bf2 Ncb6 15.
Na5 Qc7 16. b3 c5 17. c4 dxc4 18. bxc4 b4 19. Nxg6 hxg6 20. Bf3 Rc8 21. Nc6 Bf8
22. d5 Na4 23. Qd1 Nc3 24. Qd3 exd5 25. cxd5 Nb6 26. e6 Qxf4 27. exf7+ Qxf7 28.
Rce1+ Kd7 29. Bg4+ Kc7 30. Bg3+ 1-0

[Event "Landesklasse Ost 2011/2012"]
[Site "?"]
[Date "2011.03.04"]
[Round "7"]
[White "Hilbig, Dieter"]
[Black "Kirste, Olaf"]
[Result "1/2-1/2"]
[WhiteElo "1858"]
[BlackElo "1841"]
[PlyCount "81"]
[EventDate "2011.??.??"]
[WhiteTeam "ESV Gera"]
[BlackTeam "ESV Lok Sömmerda"]

1. e4 c5 2. Nf3 e6 3. d4 cxd4 4. Nxd4 Nf6 5. Bd3 a6 6. O-O Qc7 7. c4 Be7 8. Nc3
Nc6 9. Nf3 O-O 10. b3 d6 11. Bb2 b6 12. Ne2 Bb7 13. Ng3 Rfd8 14. Qe2 Ne5 15.
Nxe5 dxe5 16. Rfd1 Bc5 17. Rd2 Bd4 18. Rad1 Bxb2 19. Rxb2 Rd4 20. Rbd2 Rad8 21.
Bb1 Qc5 22. Kf1 a5 23. Rxd4 Rxd4 24. Rxd4 Qxd4 25. Qd3 Nd7 26. Ke2 g6 27. Qxd4
exd4 28. f3 e5 29. Kd2 Kf8 30. Ne2 Ke7 31. Nc1 Kd6 32. Nd3 Nc5 33. Nf2 Bc8 34.
g4 h6 35. Bc2 Ne6 36. Nd3 Bd7 37. a4 Nf4 38. Nxf4 exf4 39. Kd3 Ke5 40. Ke2 f6
41. h3 1/2-1/2

[Event "Landesklasse Ost 2011/2012"]
[Site "?"]
[Date "2011.03.04"]
[Round "7"]
[White "Vogel, Alfred"]
[Black "Steinmüller, Johannes"]
[Result "1/2-1/2"]
[WhiteElo "1829"]
[BlackElo "1767"]
[PlyCount "92"]
[EventDate "2011.??.??"]
[WhiteTeam "ESV Lok Sömmerda"]
[BlackTeam "ESV Gera"]

1. e4 c5 2. Nc3 Nc6 3. g3 g6 4. Bg2 Bg7 5. d3 d6 6. Nf3 e6 7. O-O Nge7 8. Rb1
O-O 9. Be3 Nd4 10. Ne2 Nxf3+ 11. Bxf3 Nc6 12. Qd2 Nd4 13. Bg2 Rb8 14. c4 b6 15.
Nc3 Bb7 16. Bh6 Qe7 17. Bxg7 Kxg7 18. f4 f5 19. Rbe1 Qd7 20. Re3 fxe4 21. dxe4
Rbe8 22. Rd3 Qe7 23. Nb5 e5 24. Nxd4 exd4 25. Re1 Qc7 26. Qc2 Ba6 27. a4 Bc8
28. Rf3 Bg4 29. Rf2 Bc8 30. Qd1 Be6 31. b3 Bc8 32. Bf3 Kh8 33. h4 Qg7 34. Kg2
Bb7 35. Qd3 Re7 36. Rfe2 Bc6 37. Rh1 Be8 38. Rhe1 Bc6 39. Qd2 Be8 40. e5 dxe5
41. Rxe5 Rxe5 42. Rxe5 Bd7 43. Qe1 Bf5 44. Kf2 h6 45. Re7 Rf7 46. Re8+ Rf8
1/2-1/2

[Event "Landesklasse Ost 2011/2012"]
[Site "?"]
[Date "2011.03.04"]
[Round "7"]
[White "Steckmann, Stephan"]
[Black "Böhnke, Hartmut"]
[Result "0-1"]
[WhiteElo "1285"]
[BlackElo "1723"]
[PlyCount "52"]
[EventDate "2011.??.??"]
[WhiteTeam "ESV Gera"]
[BlackTeam "ESV Lok Sömmerda"]

1. d4 d5 2. Nf3 Nf6 3. c4 c6 4. Bg5 e6 5. cxd5 exd5 6. e3 Bb4+ 7. Nbd2 O-O 8.
a3 Bd6 9. Bd3 Re8 10. Qc2 h6 11. Bh4 Nbd7 12. Bg3 Bxg3 13. hxg3 Ng4 14. Bf5
Ndf6 15. Nh2 Rxe3+ 16. fxe3 Nxe3 17. Qc3 Nxf5 18. O-O-O c5 19. dxc5 d4 20. Qf3
Ne3 21. Rde1 Be6 22. Rxe3 dxe3 23. Qxe3 Rc8 24. Kb1 Qd5 25. b4 Qxg2 26. Qe1 Qd5
0-1

[Event "Landesklasse Ost 2011/2012"]
[Site "?"]
[Date "2011.03.04"]
[Round "7"]
[White "Jordan, Gunter"]
[Black "Klebe, Jan"]
[Result "1/2-1/2"]
[WhiteElo "1856"]
[BlackElo "1930"]
[PlyCount "41"]
[EventDate "2011.??.??"]
[WhiteTeam "SV Schott Jena"]
[BlackTeam "MTV 1876 Saalfeld"]

1. d4 d6 2. e4 g6 3. c4 Bg7 4. Nc3 a6 5. Be2 Nd7 6. Nf3 e5 7. dxe5 Nxe5 8. Nxe5
Bxe5 9. O-O Bg7 10. Be3 Be6 11. Qd2 Qe7 12. Nd5 Bxd5 13. exd5 Nf6 14. Bf3 O-O
15. Rfe1 Qd7 16. Bd4 Rae8 17. b3 Rxe1+ 18. Rxe1 Re8 19. Rxe8+ Qxe8 20. Qe3 Qxe3
21. Bxe3 1/2-1/2

[Event "Landesklasse Ost 2011/2012"]
[Site "?"]
[Date "2011.03.04"]
[Round "7"]
[White "Liebisch, Dieter"]
[Black "Werner, Ernst"]
[Result "1-0"]
[WhiteElo "1963"]
[BlackElo "1804"]
[PlyCount "59"]
[EventDate "2011.??.??"]
[WhiteTeam "MTV 1876 Saalfeld"]
[BlackTeam "SV Schott Jena"]

1. d4 Nf6 2. Bf4 c5 3. e3 cxd4 4. exd4 d5 5. Nc3 Nc6 6. Nb5 e5 7. dxe5 a6 8.
Nc3 d4 9. exf6 dxc3 10. Qxd8+ Nxd8 11. bxc3 gxf6 12. Bc4 Be6 13. Bb3 Ba3 14.
Rb1 b5 15. Ne2 Rc8 16. O-O O-O 17. Rfe1 Bc4 18. Nd4 Ne6 19. Nxe6 fxe6 20. Rxe6
Bxe6 21. Bxe6+ Kg7 22. Bxc8 Rxc8 23. Rb3 Rd8 24. g4 Bd6 25. Be3 f5 26. h3 f4
27. Bd4+ Kg6 28. Kg2 Re8 29. c4 Re4 30. c3 1-0

[Event "Landesklasse Ost 2011/2012"]
[Site "?"]
[Date "2011.03.04"]
[Round "7"]
[White "Seifert, Michael"]
[Black "Petzold, Thomas"]
[Result "1-0"]
[WhiteElo "1597"]
[BlackElo "1886"]
[PlyCount "45"]
[EventDate "2011.??.??"]
[WhiteTeam "SV Schott Jena"]
[BlackTeam "MTV 1876 Saalfeld"]

1. Nf3 d5 2. g3 c5 3. Bg2 Nc6 4. d3 Nf6 5. O-O e5 6. e4 Be7 7. Nc3 d4 8. Ne2
O-O 9. Nh4 Be6 10. Nf5 c4 11. f4 cxd3 12. cxd3 Rc8 13. Nxe7+ Qxe7 14. f5 Bd7
15. h3 Nb4 16. a3 Nc2 17. Rb1 Bb5 18. g4 Qd6 19. g5 Ne8 20. Rf3 f6 21. Ng3 Ne3
22. Qb3+ Rf7 23. g6 1-0

[Event "Landesklasse Ost 2011/2012"]
[Site "?"]
[Date "2011.03.04"]
[Round "7"]
[White "Krämer, Alexander"]
[Black "Mauch, Johannes"]
[Result "1-0"]
[WhiteElo "1871"]
[BlackElo "1565"]
[PlyCount "119"]
[EventDate "2011.??.??"]
[WhiteTeam "MTV 1876 Saalfeld"]
[BlackTeam "SV Schott Jena"]

1. d4 Nf6 2. c4 g6 3. Nc3 Bg7 4. e4 d6 5. Nf3 O-O 6. Be2 e5 7. O-O Nc6 8. d5
Ne7 9. b4 Ne8 10. Ba3 f5 11. Nd2 f4 12. Bg4 Nf6 13. Bxc8 Rxc8 14. c5 Kh8 15.
Qe2 g5 16. f3 Rg8 17. Nc4 Bf8 18. Kh1 Ng6 19. Nd2 h5 20. Qf2 g4 21. Rac1 g3 22.
Qg1 gxh2 23. Qxh2 h4 24. Rfe1 Nh5 25. Nf1 Qg5 26. Qh3 Ne7 27. cxd6 cxd6 28. Nb5
Rxc1 29. Bxc1 Rg6 30. Nxa7 Ng8 31. Nb5 Ngf6 32. Nc7 Ng3+ 33. Nxg3 Qxg3 34. Qxg3
fxg3 35. Ne6 Bh6 36. Bxh6 Rxh6 37. Rc1 Rh7 38. Rc8+ Ng8 39. Rc7 Nf6 40. Rxh7+
Kxh7 41. a4 Nd7 42. a5 Kg8 43. Nd8 b6 44. a6 b5 45. Ne6 Nb6 46. f4 exf4 47.
Nxf4 Kf7 48. Kg1 Kf6 49. Nd3 Ke7 50. Kf1 Kd7 51. Ke2 Kc7 52. Kf3 Nc4 53. Kg4
Ne3+ 54. Kxh4 Nxg2+ 55. Kxg3 Ne3 56. Kf4 Nc4 57. e5 dxe5+ 58. Nxe5 Kb6 59.
Nxc4+ bxc4 60. d6 1-0

[Event "Landesklasse Ost 2011/2012"]
[Site "?"]
[Date "2011.03.04"]
[Round "7"]
[White "Flechsig, Bernd"]
[Black "Böhl, Dietmar"]
[Result "1-0"]
[WhiteElo "1692"]
[BlackElo "1827"]
[PlyCount "87"]
[EventDate "2011.??.??"]
[WhiteTeam "SV Schott Jena"]
[BlackTeam "MTV 1876 Saalfeld"]

1. e4 g6 2. d4 Bg7 3. Be3 d5 4. Nd2 Nf6 5. f3 dxe4 6. Nxe4 Nc6 7. c3 O-O 8. Qd2
e5 9. Nxf6+ Bxf6 10. d5 Ne7 11. Bc4 Nf5 12. Ne2 Nxe3 13. Qxe3 Bg5 14. Qf2 b5
15. Bb3 a5 16. Rd1 Bf5 17. Ng3 a4 18. Bc2 Bxc2 19. Qxc2 Be3 20. Qe2 Bb6 21.
Qxb5 Ra5 22. Qc4 Kg7 23. Rd2 f5 24. Kd1 Be3 25. Rd3 Rc5 26. Qa6 Rxd5 27. Kc2
Rf6 28. Qc4 Rfd6 29. Rhd1 Rxd3 30. Rxd3 Rxd3 31. Qxd3 Qxd3+ 32. Kxd3 Bc1 33. b4
axb3 34. axb3 Kf6 35. Ne2 Ba3 36. b4 c5 37. Kc4 cxb4 38. Kb3 bxc3 39. Kxa3 e4
40. fxe4 fxe4 41. Kb3 Ke5 42. Kxc3 g5 43. Kd2 h5 44. Ke3 1-0

[Event "Landesklasse Ost 2011/2012"]
[Site "?"]
[Date "2011.03.04"]
[Round "7"]
[White "Wagner, Ronald"]
[Black "Werner, Martin"]
[Result "1-0"]
[WhiteElo "1761"]
[BlackElo "1445"]
[PlyCount "69"]
[EventDate "2011.??.??"]
[WhiteTeam "MTV 1876 Saalfeld"]
[BlackTeam "SV Schott Jena"]

1. Nf3 Nf6 2. g3 g6 3. b3 Bg7 4. Bb2 O-O 5. Bg2 d5 6. d4 Nbd7 7. O-O b6 8. c4
Bb7 9. Nc3 Re8 10. Qc2 c5 11. cxd5 Nxd5 12. Rfd1 Nxc3 13. Bxc3 Qc7 14. Rac1 Nf6
15. dxc5 Qxc5 16. Qb2 Qh5 17. h4 Red8 18. Be5 Ne8 19. Bxg7 Nxg7 20. Ne5 Bxg2
21. Kxg2 Ne6 22. Nc6 Nf4+ 23. Kf1 Rxd1+ 24. Rxd1 Re8 25. Qd2 Ne6 26. Qd7 Kf8
27. Qxa7 Qg4 28. Qxb6 Qh3+ 29. Ke1 g5 30. hxg5 Nxg5 31. Rd8 Qh1+ 32. Kd2 Ne4+
33. Kc2 Qh6 34. Rxe8+ Kg7 35. Qd4+ 1-0

[Event "Landesklasse Ost 2011/2012"]
[Site "?"]
[Date "2011.03.04"]
[Round "7"]
[White "Köhler, Daniel"]
[Black "Müller, Robert"]
[Result "1/2-1/2"]
[WhiteElo "1454"]
[BlackElo "1726"]
[PlyCount "33"]
[EventDate "2011.??.??"]
[WhiteTeam "SV Schott Jena"]
[BlackTeam "MTV 1876 Saalfeld"]

1. e4 c6 2. d4 d5 3. exd5 cxd5 4. c4 e6 5. Nf3 Nf6 6. Nc3 Be7 7. Bf4 a6 8. Rc1
O-O 9. Be2 dxc4 10. Bxc4 b5 11. Bb3 Bb7 12. O-O Bd6 13. Ne5 Qb6 14. Bg5 Nbd7
15. Re1 Rac8 16. Qd3 b4 17. Nxd7 1/2-1/2

[Event "Landesklasse Ost 2011/2012"]
[Site "?"]
[Date "2011.03.04"]
[Round "7"]
[White "Bellmann, Daniel"]
[Black "Monossova, Maria"]
[Result "1-0"]
[WhiteElo "1680"]
[BlackElo "1340"]
[PlyCount "33"]
[EventDate "2011.??.??"]
[WhiteTeam "MTV 1876 Saalfeld"]
[BlackTeam "SV Schott Jena"]

1. e4 e6 2. d4 d5 3. Nd2 c5 4. exd5 Qxd5 5. Ngf3 cxd4 6. Bc4 Qc5 7. Qe2 Nc6 8.
O-O Nge7 9. Ne4 Qb4 10. Bd2 Qb6 11. Nd6+ Kd7 12. Nxf7 Rg8 13. Bxe6+ Ke8 14.
Nd6+ Kd8 15. Bxg8 Qc5 16. Bf4 Bd7 17. Nxb7+ 1-0

[Event "Landesklasse Ost 2011/2012"]
[Site "?"]
[Date "2011.03.04"]
[Round "7"]
[White "Fuchs, Antje"]
[Black "Sack, Matthias"]
[Result "1-0"]
[WhiteElo "2058"]
[BlackElo "1972"]
[PlyCount "51"]
[EventDate "2011.??.??"]
[WhiteTeam "TSV Zeulenroda"]
[BlackTeam "SV Hermsdorf"]

1. e4 c5 2. Nc3 Nc6 3. f4 g6 4. Nf3 Bg7 5. Bb5 Nd4 6. a4 e6 7. e5 Ne7 8. Ne4
O-O 9. O-O a6 10. Be2 b6 11. Nxd4 cxd4 12. Bf3 Rb8 13. b3 d5 14. exd6 Nd5 15.
Ba3 Bd7 16. g3 Qc8 17. Nf2 Rd8 18. Nd3 Bc6 19. Ne5 f6 20. Nxc6 Qxc6 21. Qe2 Re8
22. Qxa6 Bf8 23. Qc4 Rbc8 24. Qxd4 Bxd6 25. c4 Bxa3 26. Rxa3 1-0

[Event "Landesklasse Ost 2011/2012"]
[Site "?"]
[Date "2011.03.04"]
[Round "7"]
[White "Moje, Hans-Jürgen"]
[Black "Barth, Christian"]
[Result "0-1"]
[WhiteElo "1833"]
[BlackElo "1788"]
[PlyCount "46"]
[EventDate "2011.??.??"]
[WhiteTeam "SV Hermsdorf"]
[BlackTeam "TSV Zeulenroda"]

1. e4 e5 2. Nf3 Nc6 3. Bc4 Be7 4. c3 Nf6 5. d4 Nxe4 6. dxe5 O-O 7. Bd3 d5 8.
Nbd2 Nc5 9. Bc2 Bg4 10. h3 Bh5 11. g4 Bg6 12. Nb3 Bxc2 13. Qxc2 f6 14. exf6
Rxf6 15. Nfd4 Ne5 16. Nxc5 Bxc5 17. Be3 Nf3+ 18. Nxf3 Bxe3 19. fxe3 Rxf3 20.
Qe2 Qh4+ 21. Kd1 Rf2 22. Qe1 Qg3 23. Rf1 Qf3+ 0-1

[Event "Landesklasse Ost 2011/2012"]
[Site "?"]
[Date "2011.03.04"]
[Round "7"]
[White "Wolfram, Thomas"]
[Black "Hadlich, Gerald"]
[Result "1-0"]
[WhiteElo "1807"]
[BlackElo "1844"]
[PlyCount "63"]
[EventDate "2011.??.??"]
[WhiteTeam "TSV Zeulenroda"]
[BlackTeam "SV Hermsdorf"]

1. d4 f5 2. e3 Nf6 3. Bd3 d6 4. f4 g6 5. Nd2 Bg7 6. Ngf3 O-O 7. O-O Nc6 8. e4
Ng4 9. Nb3 fxe4 10. Bxe4 Nf6 11. Nbd2 Nxe4 12. Nxe4 h6 13. c3 Qe8 14. Nh4 Kh7
15. d5 Nd8 16. Qd3 Bf5 17. Bd2 Qf7 18. Qf3 Bxe4 19. Qxe4 Bf6 20. f5 g5 21. Ng6
Re8 22. Rae1 c6 23. c4 cxd5 24. cxd5 Rc8 25. Bc3 Qg7 26. Qa4 Nf7 27. Nxe7 Bxc3
28. bxc3 Qxc3 29. f6 Qc5+ 30. Kh1 Rcd8 31. Qe4+ Kh8 32. Qg6 1-0